Trevisan International Art : (Record no. 189407)

MARC details
000 -LEADER
campo de control de longitud fija 01148nam a2200265 i 4500
001 - NÚMERO DE CONTROL
campo de control 189407
003 - IDENTIFICADOR DE NÚMERO DE CONTROL
campo de control ES-MaACL
005 - FECHA Y HORA DE LA ÚLTIMA TRANSACCIÓN
campo de control 20250728142445.0
008 - DATOS DE LONGITUD FIJA--INFORMACIÓN GENERAL
campo de control de longitud fija 190530q2019 sp a c |||| | eng d
245 00 - MENCIÓN DEL TÍTULO
Título Trevisan International Art :
Resto del título exposición de arte internacional : 4.11-14.11.2018 : Sala Prado y Espacio Prado, Ateneo de Madrid /
Mención de responsabilidad, etc. comisariada por Paola Trevisan y Rosa Mascarell Dauder.
260 ## - PUBLICACIÓN, DISTRIBUCIÓN, ETC.
Lugar de publicación, distribución, etc. [Madrid ;
-- Roma :
Nombre del editor, distribuidor, etc. Trevisan International Art,
Fecha de publicación, distribución, etc. 2019]
300 ## - DESCRIPCIÓN FÍSICA
Extensión 143 p. :
Otras características físicas principalmente il. col. ;
Dimensiones 21 x 21 cm.
546 ## - NOTA DE IDIOMA
Nota de lengua/lenguaje Introducción en español e inglés; texto en inglés.
610 24 - PUNTO DE ACCESO ADICIONAL DE MATERIA--NOMBRE DE ENTIDAD CORPORATIVA
Nombre de entidad corporativa o nombre de jurisdicción como elemento de entrada Ateneo de Madrid-
Subdivisión de forma Exposiciones-
Subdivisión cronológica 2010-2019.
9 (RLIN) 144911
650 #4 - PUNTO DE ACCESO ADICIONAL DE MATERIA--TÉRMINO DE MATERIA
Término de materia o nombre geográfico como elemento de entrada Arte-
Subdivisión cronológica S.XXI-
Subdivisión de forma Exposiciones.
9 (RLIN) 167167
655 #7 - TERMINO DE INDIZACIÓN--GENERO/FORMA
Fuente del término tgfbne
9 (RLIN) 193628
Datos o término principal de género/forma Catálogos de exposiciones
700 1# - ENTRADA AGREGADA--NOMBRE PERSONAL
Nombre de persona Trevisan, Paola.
9 (RLIN) 167163
700 1# - ENTRADA AGREGADA--NOMBRE PERSONAL
Nombre de persona Mascarell Dauder, Rosa,
Fechas asociadas al nombre 1963-
9 (RLIN) 167164
710 2# - ENTRADA AGREGADA--NOMBRE DE ENTIDAD CORPORATIVA
Nombre de entidad corporativa o nombre de jurisdicción como elemento de entrada Ateneo de Madrid.
Unidad subordinada Sala de Exposiciones de Prado 19.
9 (RLIN) 148678
710 2# - ENTRADA AGREGADA--NOMBRE DE ENTIDAD CORPORATIVA
Nombre de entidad corporativa o nombre de jurisdicción como elemento de entrada Ateneo de Madrid.
Unidad subordinada Espacio Prado.
9 (RLIN) 148677
710 2# - ENTRADA AGREGADA--NOMBRE DE ENTIDAD CORPORATIVA
Nombre de entidad corporativa o nombre de jurisdicción como elemento de entrada Trevisan International Art.
9 (RLIN) 173376
852 ## - LOCALIZACIÓN
Ubicación ES-MaACL
Número de control de estantería L-32411
942 ## - ELEMENTOS DE ENTRADA SECUNDARIOS (KOHA)
Fuente del sistema de clasificación o colocación Clasificación decimal universal
Holdings
Estatus retirado Estado de pérdida Fuente del sistema de clasificación o colocación Estado de daño No para préstamo Colección Biblioteca de origen Biblioteca actual Ubicación en estantería Fecha de adquisición Total de préstamos Signatura topográfica completa Código de barras Visto por última vez Precio de reemplazo Tipo de ítem Koha
    Clasificación decimal universal     Exposiciones en el Ateneo Biblioteca del Ateneo de Madrid Biblioteca del Ateneo de Madrid Depósito 2 30/05/2019   L-32411 1200682 23/02/2023 23/02/2023 Libro impreso